00523nam a2200169 a 4500001000400000003000500004005001700009008004100026020001500067040002000082100003800102245009900140260003300239300001100272490004000283650003000323259CDMR20131015094648.0130130s1981||||||||||||||||||||||||||||d a8474920825 aCDMRbcatcCDMR1 aFernández Pulpeiro, Juan Carlos10aApuntes para la historia de la prensa del siglo XIX en GaliciacJuan Carlos Fernandez Pulpeiro aLa CoruñabDe Castroc1981 a336 p.0 aSerie Investigación Universitaria04aPremsazGalíciayS. XIX